Normal view
MARC view
Entry Topical Term
001 - CONTROL NUMBER
- control field: 4949
003 - CONTROL NUMBER IDENTIFIER
- control field: RIC
005 - DATE AND TIME OF LATEST TRANSACTION
- control field: 20260102093949.0
008 - FIXED-LENGTH DATA ELEMENTS
- fixed length control field: 260102|| aca||aabn | a|a d
040 ## - CATALOGING SOURCE
- Original cataloging agency: RIC
- Transcribing agency: RIC
150 ## - HEADING--TOPICAL TERM
- Topical term or geographic name as entry element: Islamic civilization
670 ## - SOURCE DATA FOUND
- Source citation: Work cat.: (RIC)3116: Helmi Effendy 4948, Zaman Keemasan Tamadun Islam / , [2025?]